000 00450cam a22001331 4500
001 000019921
005 20200929170206.0
008 740613s1936 sp 000 0 spa
040 _aDO-SdBNP
_bspa
_cBNPHU
100 1 _aMachado, Antonio,
_d1875-1939.
_924735
245 1 0 _aJuan de Mairena :
_bSentecias, donaires, apuntes y recuerdos de un profesor apócrito /
_cAntonio Machado.
260 _aMadrid :
_bEspasa-Calpe,
_c1936.
300 _a244 p. ;
_c18 cm.
999 _c19434
_d19434